Riêng dành cho phụ nữ = Life lessons for women
Gồm những câu chuyện nhỏ về đời sống nội tâm của phụ nữ, những cảm xúc, suy tư, mơ ước về con người và cuộc sống
Guardado en:
| Autor principal: | |
|---|---|
| Formato: | Libro |
| Lenguaje: | Undetermined |
| Publicado: |
Thành phố Hồ Chí Minh
Tổng hợp Thành phố Hồ Chí Minh
2013
|
| Materias: | |
| Etiquetas: |
Agregar Etiqueta
Sin Etiquetas, Sea el primero en etiquetar este registro!
|
| Thư viện lưu trữ: | Trung tâm Học liệu Trường Đại học Cần Thơ |
|---|
| LEADER | 00876nam a2200229Ia 4500 | ||
|---|---|---|---|
| 001 | CTU_193702 | ||
| 008 | 210402s9999 xx 000 0 und d | ||
| 020 | |c 34000 | ||
| 082 | |a 158.1082 | ||
| 082 | |b C222/T.1 | ||
| 100 | |a Canfield, Jack | ||
| 245 | 0 | |a Riêng dành cho phụ nữ = | |
| 245 | 0 | |b Life lessons for women | |
| 245 | 0 | |c Jack Canfield, Mark Victor Hansen | |
| 260 | |a Thành phố Hồ Chí Minh | ||
| 260 | |b Tổng hợp Thành phố Hồ Chí Minh | ||
| 260 | |c 2013 | ||
| 520 | |a Gồm những câu chuyện nhỏ về đời sống nội tâm của phụ nữ, những cảm xúc, suy tư, mơ ước về con người và cuộc sống | ||
| 650 | |a Women,Phụ nữ | ||
| 650 | |x Psychology,Tâm lý học | ||
| 910 | |a Hải | ||
| 980 | |a Trung tâm Học liệu Trường Đại học Cần Thơ | ||